[Event "North American-ch Juniors Open U20 2020"]
[Site "Charlotte"]
[Date "2020.12.19"]
[Round "1.1"]
[White "Sheng, Joshua"]
[Black "Liang, Dustin"]
[Result "1-0"]
[WhiteElo "2474"]
[BlackElo "1960"]
[Annotator "TA"]
[PlyCount "53"]
[EventDate "2020.12.06"]
[EventType "swiss"]
[EventCountry "USA"]
[SourceTitle "playchess.com"]
[Source "ChessBase"]
[SourceQuality "1"]

{[%evp 14,53,42,0,45,14,38,-8,18,-45,31,8,58,43,28,43,73,60,68,41,102,89,102,95,186,176,262,253,264,253,275,267,260,261,429,509,1031,1091,1069,1083,1058,1047]} 1. e4 c5 2. Nf3 d6 3. d4 cxd4 4. Nxd4 Nf6 5. Nc3 a6 6. Bg5 e6 7. f4 Be7 8. Qe2 Qc7 {B98: Sicilian Najdorf: 6 Bg5 e6 7 f4 Be7, sidelines.} 9. O-O-O Nbd7 10. Kb1 b5 {The position is equal.} 11. a3 ({Better is} 11. e5 $11 dxe5 12. fxe5 Nxe5 13. Bf4) 11... Bb7 (11... Rb8 $15) 12. g4 Nb6 (12... h6 $5 {[%cal Rh6g5]} 13. Bh4 Rc8 $11) 13. Bg2 h6 14. Bh4 {[#]} O-O-O $146 ({Predecessor:} 14... Rb8 15. Be1 Qc4 16. Rd3 Nfd7 17. h4 g6 18. Nb3 Qc7 19. Bg3 Nc4 20. Re1 Bf6 {½-½ (28) Papp,G (2596)-Nitin,S (2377) Zalakaros 2016}) 15. Bf2 Nfd7 16. h4 g6 (16... Kb8 $14) 17. f5 $36 {[%mdl 2048] White is really pushing.} e5 18. Nb3 Nc4 (18... gxf5 $16 19. gxf5 Nc4) 19. a4 $1 $18 Bc6 (19... b4 $142 20. Nd5 Bxd5) 20. axb5 axb5 21. Nd5 Bxd5 22. Rxd5 ({And not} 22. exd5 gxf5 23. gxf5 Nf6 $11) 22... Qc6 {[#]} 23. Rh3 $1 Nf6 $2 {[#]} (23... Kc7) 24. Na5 $1 {[%cal Ra5c6][%mdl 512] White is clearly winning.} Qa6 {[#]} (24... Nxa5 $142 25. Rxb5 Nc4) 25. Rxb5 $3 {[%mdl 512]} Qxb5 26. Nxc4 {Intending Nb6+ and mate.} Kc7 27. Rc3 {Weighted Error Value: White=0.13/Black=0.46} 1-0

[Event "North American-ch Juniors Open U20 2020"]
[Site "Charlotte"]
[Date "2020.12.19"]
[Round "1.2"]
[White "Shevkunov, Vladyslav"]
[Black "Stearman, Josiah"]
[Result "0-1"]
[WhiteElo "1945"]
[BlackElo "2391"]
[Annotator "TA"]
[PlyCount "114"]
[EventDate "2020.12.06"]
[EventType "swiss"]
[EventCountry "USA"]
[SourceTitle "playchess.com"]
[Source "ChessBase"]
[SourceQuality "1"]

{[%evp 11,114,0,31,22,16,28,26,13,20,12,8,10,25,18,19,19,15,20,20,15,7,9,11,0,0,0,10,0,0,0,38,39,27,16,53,0,0,-16,-4,-9,-19,-12,30,28,58,64,62,6,3,0,101,86,97,66,183,168,202,16,37,0,0,0,0,0,0,0,0,0,0,0,0,0,6,6,3,-256,-249,-445,-445,-433,-425,-554,-548,-545,-528,-540,-506,-658,-555,-5965,-1502,-12834,-12835,-12837,-12837,-12846,-12836,-12845,-12843,-12844,-12838,-12840,-12841,-12849,-12842]} 1. c4 Nf6 2. g3 c6 3. Nf3 d5 4. Bg2 Bf5 5. cxd5 cxd5 6. Qb3 Qd7 7. Ne5 {A11: English Opening: 1...c6.} Qc7 {[%mdl 64] [#] Double Attack} 8. Nc3 Nc6 (8... Qxe5 $2 9. Qxb7 e6 10. d3 $18) 9. Nxc6 {White has an edge.} bxc6 10. d4 {[#]} Rb8 $146 ({Predecessor:} 10... e6 11. Bf4 Qb6 12. O-O Be7 13. Rfc1 O-O 14. Na4 Qxd4 15. Rxc6 Ng4 16. e3 Qd2 {0-1 (22) Zniber,R (1994)-Gelle,I (2325) Split 2019}) 11. Qa4 {Hoping for Bf4.} e6 12. Bf4 Bd6 13. Bxd6 Qxd6 14. b3 O-O 15. Rc1 Nd7 16. O-O a5 17. Nd1 ({But not} 17. Qxa5 $2 Ra8 $19) 17... Rb5 {Threatens to win with ...Nb6.} 18. Nc3 $1 {[%cal Rc3b5]} Rbb8 19. Nd1 ({Wrong is} 19. Qxa5 $2 Ra8 $19) 19... Rb5 20. Nc3 $1 {[%cal Rc3b5]} Rb4 21. Qxa5 Rxd4 22. Na4 Rc8 23. e3 (23. Nc5 $14) 23... Rb4 $11 24. Rc3 Rbb8 {aiming for ...Ra8.} 25. Qa6 Ra8 26. Qe2 $1 c5 27. e4 Bg6 28. exd5 $1 exd5 29. Rd1 ({White should play} 29. Qd2 $1 $14) 29... Nf6 30. Qb5 {[%cal Rc3c5]} Rab8 (30... h6 $11 {remains equal.}) 31. Rxc5 $16 {[%cal Rg2d5]} Re8 32. Qc6 Qe5 (32... Qf8 $14 33. Rcc1 (33. Bxd5 Rec8 $17) 33... Rbc8) 33. Nc3 $18 Bh5 34. Bxd5 $2 (34. Rc1 $18) 34... Qe7 $11 35. Rf1 {Black must now prevent Bg2.} Nd7 $1 {[%cal Rd7c5]} 36. Rc4 $1 {And now Qc7 would win.} Ne5 {[%mdl 64] [#] Double Attack} 37. Qc7 {Qxe7 is the strong threat.} Nxc4 38. Qxe7 $1 Rxe7 39. Bxc4 Bf3 40. a4 Re5 41. Nb5 Kf8 42. Nd4 Bd5 {next ...Bxc4 is good for Black.} 43. f4 $2 {[%mdl 8192]} (43. Ra1 $11) 43... Bxc4 $19 44. fxe5 $2 (44. bxc4 Rc5 45. Nf3) 44... Bxf1 {Black is clearly winning.} 45. Kxf1 {[%mdl 4096] Endgame KR-KN} Rb4 46. Nc6 Rxb3 47. a5 Ra3 48. Kf2 Ke8 49. h4 Kd7 50. Nb4 Rxa5 51. Nd3 h5 52. Ke3 Ke6 53. Kf3 Kf5 54. Nf4 Ra3+ 55. Kf2 g6 56. Nd5 Kxe5 57. Ne3 Ke4 {What a bad dream for White.  Weighted Error Value: White=0.50/Black=0.12} 0-1

[Event "North American-ch Juniors Open U20 2020"]
[Site "Charlotte"]
[Date "2020.12.19"]
[Round "1.3"]
[White "Kumar, Nikhil"]
[Black "Dill, James"]
[Result "1-0"]
[WhiteElo "2328"]
[BlackElo "1918"]
[Annotator "TA"]
[PlyCount "101"]
[EventDate "2020.12.06"]
[EventType "swiss"]
[EventCountry "USA"]
[SourceTitle "playchess.com"]
[Source "ChessBase"]
[SourceQuality "1"]

{[%evp 21,101,36,29,22,54,68,88,85,102,96,114,102,173,71,77,81,106,21,57,0,0,0,0,0,0,0,0,-10,-17,-23,-25,-21,0,0,-6,-6,0,-28,19,-20,0,-17,0,0,31,38,83,83,75,77,81,33,34,31,38,33,173,51,128,121,133,99,500,181,164,164,218,215,218,218,269,211,487,487,487,484,466,390,382,340,340,297]} 1. d4 Nf6 2. Nf3 d5 3. g3 e6 4. Bg2 Be7 5. O-O O-O 6. c4 dxc4 7. Qc2 a6 8. Qxc4 b5 9. Qc2 Bb7 10. Bd2 Nbd7 11. Ba5 Rc8 12. Nbd2 {E05: Open Catalan: 5 Nf3 Be7.} Qe8 13. b4 $1 Nb6 14. Rac1 {White is better.} Bd6 15. a3 {[#]} Qe7 $146 ({Predecessor:} 15... Nfd7 16. Ng5 f5 17. Bxb7 Rb8 18. Bg2 Qh5 19. Nxe6 Rf6 20. Nxc7 {1-0 (29) Zeberski,J (2337)-Watorek,M (2100) Poronin 2013}) 16. Rfe1 Nbd7 (16... Rfe8 $16) 17. Nb3 (17. e4 $18 {has better winning chances.}) 17... Be4 $16 18. Qd1 e5 19. dxe5 (19. Bh3 $16) 19... Nxe5 $11 20. Nfd2 (20. Nbd2 $14) 20... Bxg2 21. Kxg2 c5 22. bxc5 Bxc5 23. Nxc5 Rxc5 24. Rxc5 Qxc5 25. Bb4 Qc6+ 26. Kg1 Rd8 27. Qa1 Qe6 28. Bc3 Nc4 29. Nf3 Ne8 30. e4 g6 31. h4 Qd6 32. Bb4 Qd3 33. Ne5 Nxe5 34. Qxe5 {Bc3 is the strong threat.} Qd4 35. Qe7 {[%csl Gb4][%cal Re7f8] [#]} Ng7 36. Rc1 {Hoping for Rc7.} Re8 37. Qb7 Qxe4 38. Qxa6 Qd3 (38... Nf5 $14 39. Re1 (39. Qxb5 Nd4 $17) 39... Qa8) 39. Qf6 ({Better is} 39. a4 $18) 39... Re6 (39... Qf5 $14 40. Qxf5 Nxf5) 40. Rc8+ $16 Ne8 41. Qf4 $40 {[%mdl 128] [#] Black must now prevent Qh6. Black is in trouble.} Qe4 $2 {[%mdl 8192]} (41... h5 $16 {is more resistant.} 42. Bc3 (42. Qh6 Qd1+ 43. Kh2 Qf3 $16) 42... f6) 42. Qxe4 $2 (42. Qh6 {[%csl Gb4][%cal Rh6f8]} Re7 43. Bxe7 Qxe7 44. Rb8) 42... Rxe4 $18 {[%mdl 4096] Endgame KRB-KRN} 43. Rc5 Nd6 (43... f5 $142 44. Rxb5 Nc7 45. Rb8+ Re8) 44. Rd5 Nc4 45. Rxb5 Kg7 46. Bc3+ Kh6 $2 (46... Kf8 47. Bb4+ Ke8 48. Rb8+ Kd7 49. Rb7+ Ke8) 47. Rb4 Nd6 48. Rxe4 Nxe4 49. Bb4 Nf6 50. a4 Nd5 51. Bd6 {Weighted Error Value: White=0.34/Black=0.49} 1-0

[Event "North American-ch Juniors Open U20 2020"]
[Site "Charlotte"]
[Date "2020.12.19"]
[Round "1.4"]
[White "Snow, Zachary"]
[Black "Liang, Jason"]
[Result "0-1"]
[WhiteElo "1909"]
[BlackElo "2317"]
[Annotator "TA"]
[PlyCount "88"]
[EventDate "2020.12.06"]
[EventType "swiss"]
[EventCountry "USA"]
[SourceTitle "playchess.com"]
[Source "ChessBase"]
[SourceQuality "1"]

{[%evp 11,88,13,21,-24,-24,-35,-52,-89,-95,-94,-117,-86,-65,-79,-78,-83,-62,-124,-118,-111,-93,-105,-96,-129,-129,-184,-192,-198,-119,-129,-129,-129,-106,-135,-99,-142,-140,-205,-197,-306,-300,-308,-312,-304,-295,-297,-274,-367,-350,-491,-486,-486,-470,-480,-466,-491,-476,-513,-508,-533,-518,-534,-522,-525,-413,-1020,-524,-650,-510,-827,-469,-560,-447,-593,-571,-593,-570,-658,-626]} 1. e4 c6 2. d4 d5 3. e5 Bf5 4. Nf3 e6 5. Be2 Ne7 6. O-O c5 {6...h6 is the modern continuation.} 7. Nc3 {B12: Caro-Kann: Advance Variation.} Nec6 {[#]} 8. Bf4 $146 ({Predecessor:} 8. Bg5 Qa5 9. a3 Nxd4 10. Nxd4 cxd4 11. Nb5 h6 12. Bd2 Qb6 13. Bb4 Bxb4 14. axb4 Nc6 {½-½ (40) Smirin,I (2625)-Karpov,A (2775) Cap d'Agde 1996}) 8... a6 9. a3 {Black is slightly better.} cxd4 10. Nxd4 Nxd4 11. Qxd4 Bxc2 12. Rac1 Nc6 {[%cal Bb8c6,Bc6d4,Bd4f5][%mdl 32]} 13. Qd2 Bg6 14. Bd3 (14. b4 $15) 14... Bxd3 15. Qxd3 Be7 16. Qg3 g6 17. Bh6 Nd4 18. Rcd1 (18. Qh3 $17 Nf5 19. Rfd1) 18... Nf5 $19 {[%mdl 64] [#] Double Attack} 19. Qh3 Bg5 (19... Qb6 $19 20. Bc1 O-O) 20. Bxg5 $17 Qxg5 21. f4 Qh5 22. Qd3 O-O 23. h3 {Hoping for g4.} Qh4 24. Na4 {[#]} (24. g4 $17 Ne7 25. Kh2) 24... Rac8 $1 $19 25. b4 (25. Nb6 $142 Rc7 26. Rf3) 25... Rc4 26. Nc5 Rc8 ({Not} 26... Rxf4 27. Nxb7 Rd4 28. Qf3 $17) 27. Qf3 Ng3 28. Rf2 b6 29. Nd7 Ne4 30. Rb2 (30. Nf6+ {is a better defense.} Nxf6 31. exf6) 30... Qd8 31. Nf6+ Nxf6 32. exf6 Qxf6 33. Rf2 Rc3 34. Rd3 b5 35. Rfd2 Rxd3 36. Rxd3 {[%mdl 4096] Endgame KQR-KQR} Rc1+ 37. Kh2 Qa1 38. Re3 (38. Qe2 $142) 38... Rf1 {Black is clearly winning.} 39. Qg4 Qf6 40. Rf3 (40. Qg5 $142 Qxf4+ 41. Qxf4 Rxf4 42. Kg3) 40... Rc1 41. Rf2 Qd4 42. Qf3 Rc3 43. Qe2 Rxa3 44. h4 h5 {Weighted Error Value: White=0.59/Black=0.31} 0-1

[Event "North American-ch Juniors Open U20 2020"]
[Site "Charlotte"]
[Date "2020.12.19"]
[Round "1.5"]
[White "Cervantes Landeiro, Thalia"]
[Black "Amburgy, Ryan"]
[Result "0-1"]
[WhiteElo "2311"]
[BlackElo "1885"]
[Annotator "TA"]
[PlyCount "112"]
[EventDate "2020.12.06"]
[EventType "swiss"]
[EventCountry "USA"]
[SourceTitle "playchess.com"]
[Source "ChessBase"]
[SourceQuality "1"]

{[%evp 17,112,0,8,-22,-29,-24,-18,-19,-13,-13,-13,-16,-16,-23,-30,-51,-37,-44,-52,-39,-45,-102,-97,-107,-109,-106,-114,-114,-104,-96,-84,-245,-237,-277,-278,-291,-282,-375,-181,-153,-108,-117,-80,-83,-70,-98,-91,-98,-90,-91,-78,-101,-90,-89,-91,-94,-76,-131,-125,-142,-142,-142,-143,-205,-148,-131,-26,-443,-320,-586,-521,-1094,-1048,-2029,-1616,-1885,-1744,-1550,-1453,-1033,-750,-29967,-29960,-5813,-825,-3128,-2121,-6510,-6422,-12791,-9533,-7116,-7104,-29977,-29978,-6103,-5106]} 1. d4 Nf6 2. c4 e6 3. Nf3 b6 4. g3 Ba6 5. b3 Bb4+ 6. Bd2 Be7 7. Bg2 c6 8. O-O d5 9. Ne5 Nfd7 10. cxd5 {E15: Queen's Indian: 4 g3 sidelines, 4 g3 Ba6 and 4 g3 Bb7 early deviations.} Nxe5 11. dxe5 {[#] Black must now prevent d6.} cxd5 12. Bc3 {[#] The position is equal.} Nd7 $146 ({Predecessor:} 12... Nc6 13. Nd2 O-O 14. Nf3 Rc8 15. Qd2 Ba3 16. Rfd1 Qe7 17. Rab1 Bb5 18. Bf1 a5 {0-1 (37) Krumpacnik,D (2410)-Zhigalko,A (2529) Pardubice 2007}) 13. Nd2 Rc8 14. Bb2 O-O 15. a3 Qc7 16. Rc1 Qb8 17. Rxc8 Rxc8 18. Nf3 Qc7 $36 {[%mdl 2048] Black fights for an advantage.} 19. Nd4 (19. b4 $15) 19... Nxe5 $17 20. Qa1 Bf6 21. Rc1 Qb8 22. f4 Rxc1+ 23. Qxc1 Nd7 24. e4 $2 (24. b4 $17) 24... dxe4 $19 25. Bxe4 Nc5 26. Bc2 Qd6 27. Nf3 Bxb2 (27... Nd3 $142 28. Bxd3 Qxd3 {[%mdl 64] Double Attack} 29. Bxf6 Qxf3) 28. Qxb2 g6 29. Qd4 Qxd4+ (29... Qc7 {keeps more tension.} 30. Qe5 Qc8 31. Qc3 Bb7 32. b4 Bxf3 33. Qxf3 Nd7) 30. Nxd4 $17 {[%mdl 4096] Endgame KBN-KBN} Bb7 31. Kf2 Kf8 32. Ke3 Ke7 33. b4 Nd7 34. Bd3 e5 35. fxe5 Nxe5 36. Be2 f5 37. Kf4 (37. Nb5 $142) 37... Kf6 38. h4 h6 39. Nb5 Ba6 40. Ke3 (40. a4 $17) 40... Ng4+ 41. Kd4 Nf2 ({Better is} 41... g5 $17 42. a4 Ne5 43. hxg5+ hxg5) 42. a4 $2 {[%mdl 8192]} (42. Nxa7 $11 Bxe2 43. Ke3) 42... Nh1 43. g4 $2 (43. Nc3 Bb7 44. g4) 43... Ng3 $19 44. Bf3 Bxb5 45. axb5 fxg4 46. Bxg4 {KB-KN} Nf5+ 47. Ke4 Nxh4 48. Kd5 Nf5 {[#] Threatens to win with ...Ne3+.} 49. Kc6 h5 50. Bd1 Nd4+ (50... Ne3 $142 51. Be2 h4) 51. Kb7 Nxb5 52. Ka6 Nc3 53. Bf3 h4 54. Kxa7 b5 55. Kb6 h3 56. Kc5 Ke5 {Weighted Error Value: White=0.93/Black=0.43} 0-1

[Event "North American-ch Juniors Open U20 2020"]
[Site "Charlotte"]
[Date "2020.12.19"]
[Round "1.7"]
[White "Chasin, Nico"]
[Black "Deshpande, Aaryan"]
[Result "1-0"]
[WhiteElo "2303"]
[BlackElo "1888"]
[Annotator "TA"]
[PlyCount "75"]
[EventDate "2020.12.06"]
[EventType "swiss"]
[EventCountry "USA"]
[SourceTitle "playchess.com"]
[Source "ChessBase"]
[SourceQuality "1"]

{[%evp 19,75,4,60,36,70,64,62,58,67,64,63,56,62,73,66,55,211,205,222,85,104,56,108,120,177,163,169,29,25,20,16,13,13,13,9,13,13,14,219,233,214,202,259,89,178,170,285,294,484,481,531,511,886,493,29990,29989,1579,1495]} 1. d4 Nf6 2. c4 g6 3. Nc3 Bg7 4. e4 d6 5. Nf3 O-O 6. Be2 e5 7. O-O exd4 8. Nxd4 Re8 9. f3 Nc6 10. Nc2 Be6 (10... Nd7 $11) 11. Be3 {E94: King's Indian: Classical: 6 Be2 e5 7 0-0: Various Black 7th moves.} Ne5 12. b3 Nc6 13. Qd2 {White is slightly better.} Nd7 {[#]} 14. Rad1 $146 ({Predecessor:} 14. Rac1 f5 15. Nd4 Nxd4 16. Bxd4 Bxd4+ 17. Qxd4 Qf6 18. Qd2 fxe4 19. Nxe4 Qe5 20. Rfe1 a5 21. c5 d5 22. Ng5 c6 23. Ba6 Qb8 24. Nxe6 bxa6 25. Qd4 {1-0 (25) Silva,E (2045)-Barreto Filho,C (2300) Dois Irmaos 2008}) 14... f5 15. exf5 Bxc3 16. Qxc3 Bxf5 17. c5 d5 $2 (17... dxc5 $14 18. Bc4+ (18. Bh6 Qf6 $11) 18... Be6) 18. Rxd5 $18 (18. Bh6 Qf6 $14) 18... Qf6 19. Nd4 (19. Qd2 $1 $18) 19... Be6 $16 20. Rg5 Bf7 (20... Nxd4 $14 21. Qxd4 Bxb3) 21. Rg4 $1 Qe5 (21... Nxc5 $16 22. Bb5 Ne6) 22. Re4 $18 Qxc5 23. Rxe8+ (23. Bc4 $1 $18 Bxc4 24. Nxc6 (24. bxc4 Nf6 $11) (24. Qxc4+ Qxc4 25. bxc4 Rxe4 $15) 24... Qxc6 25. Rxc4) 23... Rxe8 $11 24. Qxc5 Nxc5 25. Kf2 {Hoping for Nxc6.} Nb4 26. Rd1 $36 {[%mdl 2048] White fights for an advantage.} Nxa2 27. Nb5 {[%mdl 64] Discovered Attack} Nxb3 28. Rd7 Nbc1 $2 (28... a6 $1 $11 {and Black stays safe.} 29. Nxc7 Rf8) 29. Bf1 $18 a6 30. Nxc7 Rc8 31. Bf4 $2 (31. g3 $1 $18 {and the rest is easy.}) 31... b5 {[#]} (31... Nb3 $16 {was called for.}) 32. g3 $1 Nb3 {[#]} (32... h6 {might work better.} 33. h4 (33. Bxh6 b4 $16) (33. Nxa6 g5 $16) 33... h5) 33. Bh3 $1 ({Not} 33. Nxa6 Bc4 $16) 33... Nc5 $2 {[#]} (33... Rb8 34. Rxf7 {[%mdl 64] Remove Defender} Kxf7) 34. Rxf7 $1 {[%mdl 512]} Rd8 (34... Kxf7 35. Bxc8) 35. Re7 b4 (35... Nd3+ $142 36. Ke3 Nxf4) 36. Ne6 b3 (36... Nd3+ $18 37. Ke3 Nxf4 38. Nxf4 Kh8) 37. Nxd8 Nd3+ 38. Ke3 {Weighted Error Value: White=0.30/Black=0.72} 1-0

[Event "North American-ch Juniors Open U20 2020"]
[Site "Charlotte"]
[Date "2020.12.19"]
[Round "1.8"]
[White "Johnson, Donald"]
[Black "Sandoval Mercado, Carlos"]
[Result "0-1"]
[WhiteElo "1857"]
[BlackElo "2298"]
[Annotator "TA"]
[PlyCount "96"]
[EventDate "2020.12.06"]
[EventType "swiss"]
[EventCountry "USA"]
[SourceTitle "playchess.com"]
[Source "ChessBase"]
[SourceQuality "1"]

{[%evp 12,95,12,10,28,18,15,14,10,6,6,8,4,7,35,0,22,23,22,0,0,0,-10,-4,-20,-38,-45,-82,-74,-99,-68,-113,-108,-104,-65,-241,-233,-810,-808,-814,-804,-912,-879,-1344,-1367,-1437,-1503,-1467,-1581,-1506,-1506,-1421,-1406,-29974,-29966,-29986,-29987,-29987,-29988,-29987,-29988,-29987,-29988,-29989,-29990,-29990,-29990,-29991,-29991,-29991,-29992,-29992,-29993,-29993,-29993,-29993,-29994,-29994,-29995,-29995,-29996,-29997,-29998,-29998,-29999,-29999]} 1. e4 c5 2. Nf3 d6 3. d4 cxd4 4. Nxd4 Nf6 5. Nc3 a6 6. h3 e5 7. Nde2 h5 {B90: Sicilian Najdorf: Unusual White 6th moves, 6 Be3 Ng4 and 6 Be3 e5.} 8. Bg5 Be6 9. Bxf6 Qxf6 {The position is equal.} 10. Nd5 Qd8 11. Qd3 Nd7 12. O-O-O Rc8 13. Kb1 Bxd5 (13... Nc5 $5 {[%cal Rc5d3]} 14. Qf3 Bxd5 15. Rxd5 Be7 $11) 14. Qxd5 {[#]} Qb6 $146 ({Predecessor:} 14... b5 15. Qd2 Nb6 16. h4 Be7 17. g3 Rc5 18. Nc1 Qa8 19. Qe3 O-O 20. Nb3 Nc4 21. Bxc4 Rxc4 {½-½ (39) Mastrovasilis,D (2608)-Dziuba,M (2564) Poland 2015}) 15. f4 Nf6 16. Qd3 h4 17. Nc3 exf4 18. Nd5 Nxd5 $1 19. exd5 Be7 20. Qe4 Kd8 {...Bf6 is the strong threat.} 21. Rd3 Re8 22. Rb3 Qf2 $40 {[%mdl 128] Black is up to no good.} 23. Rf3 $2 {This move loses the game for White.} ({But not} 23. Rxb7 $2 Bf6 $19) (23. Bd3 $15) 23... Qd2 $19 {[%cal Rd2d1]} 24. Bd3 $2 (24. Qe2 Rxc2 25. Qxd2 Rxd2 26. Kc1 Rxd5 27. Be2) 24... Bg5 25. Qxe8+ Kxe8 26. Be4 g6 27. Rhf1 Qb4 28. Bd3 Bf6 {[%csl Gf6][%cal Rb4b2]} 29. c3 Bxc3 {[%csl Gc3][%cal Rb4b2]} 30. R3f2 Be5 31. Re2 Kf8 32. Ref2 Rc3 {Black mates.} 33. Rd1 {[#]} Rxd3 $1 {[%mdl 64] Deflection} 34. Rxd3 Qe1+ {[%mdl 64] Double Attack} 35. Kc2 Qxf2+ {[%mdl 64] Double Attack} 36. Rd2 Qg3 37. Re2 {[#]} f3 $1 38. gxf3 Qxf3 39. Rd2 Qxh3 40. a3 Qf5+ 41. Kb3 h3 42. Kc4 h2 43. Rxh2 Qe4+ 44. Kb3 Qd3+ 45. Ka2 Bxh2 46. Ka1 Qc2 47. a4 {[#]} Be5 $1 {[%csl Ge5][%cal Rc2b2]} 48. a5 Qxb2# {Weighted Error Value: White=1.03/Black=0.08} 0-1

[Event "North American-ch Juniors Open U20 2020"]
[Site "Charlotte"]
[Date "2020.12.19"]
[Round "1.9"]
[White "Asaria, Danial"]
[Black "Kumar, Arya"]
[Result "1-0"]
[WhiteElo "2284"]
[BlackElo "1855"]
[Annotator "TA"]
[PlyCount "43"]
[EventDate "2020.12.06"]
[EventType "swiss"]
[EventCountry "USA"]
[SourceTitle "playchess.com"]
[Source "ChessBase"]
[SourceQuality "1"]

{[%evp 13,43,0,18,10,26,12,35,20,25,33,63,71,126,127,492,500,872,-159,-150,-1532,1095,1088,1510,1493,29982,29983,29992,29993,29993,29989,29994,29995]} 1. e4 c6 2. Nc3 d5 3. Nf3 Bg4 4. h3 Bxf3 5. Qxf3 e6 6. g3 Nd7 7. Bg2 Ngf6 8. d4 {B11: Caro-Kann: Two Knights Variation.} Bb4 9. e5 Ne4 10. O-O {White is slightly better.} Bxc3 11. bxc3 Qa5 12. Rb1 {[#]} Qxc3 $146 ({Black should try} 12... Qa6) ({Predecessor:} 12... O-O-O 13. Qxf7 Nxc3 14. Rb2 Ne2+ 15. Kh1 Rhf8 16. Qxg7 Rxf2 17. Bf4 Rxf1+ 18. Bxf1 Qe1 {0-1 (24) Liwak,P (2319)-Mista,A (2454) Wisla 2000}) 13. Rxb7 $16 Qxd4 $2 {[%mdl 8192] [#]} (13... Qxf3 $16 {is more resistant.} 14. Bxf3 Nc3) 14. Rxd7 $18 Kxd7 (14... O-O $142 15. Qxe4 Qxe4) 15. Qf4 $2 (15. Qxf7+ $18 Kc8 16. Qxe6+ {[%mdl 64] Double Attack} Kb8 17. Qd7) 15... f6 16. Qxf6 $2 (16. exf6 $17 Qxf6 17. Bxe4 Qxf4 18. Bxf4 dxe4 19. Kg2) 16... Kc8 $4 {[%mdl 8192]} (16... gxf6 $19 17. Be3 Qxe5) 17. Qxe6+ {[%mdl 64] [#] Double Attack} Kd8 18. Be3 Qb4 19. Bxe4 {White mates.} dxe4 20. Rd1+ Kc7 21. Qd7+ Kb8 22. e6 {Weighted Error Value: White=0.99/Black=1.29} 1-0

[Event "North American-ch Juniors Open U20 2020"]
[Site "Charlotte"]
[Date "2020.12.19"]
[Round "1.10"]
[White "Ladan, Nicholas"]
[Black "Tello Chavez, Isaac Valent"]
[Result "0-1"]
[WhiteElo "1850"]
[BlackElo "2275"]
[Annotator "TA"]
[PlyCount "106"]
[EventDate "2020.12.06"]
[EventType "swiss"]
[EventCountry "USA"]
[SourceTitle "playchess.com"]
[Source "ChessBase"]
[SourceQuality "1"]

{[%evp 9,106,18,20,14,25,28,34,8,8,6,18,11,7,0,23,13,27,16,24,24,22,25,36,33,48,37,25,27,36,0,41,0,0,0,0,0,11,15,26,8,58,0,0,-4,15,12,10,-17,-17,-11,-13,-14,-13,-38,0,0,0,0,0,0,0,0,0,0,0,0,5,6,22,0,0,0,0,0,0,-110,-99,-199,-187,-185,-184,-267,-228,-284,-260,-334,-326,-329,-326,-352,-342,-385,-398,-476,-511,-608,-608,-600,-594]} 1. Nf3 d5 2. c4 c6 3. d4 Nf6 4. g3 Bf5 5. Nc3 e6 6. Nh4 {D11: Slav Defence: 3 Nf3 sidelines and 3...Nf6 4 e3 Bg4.} Be4 7. f3 Bg6 8. cxd5 {White is slightly better.} cxd5 {[#]} 9. Nxg6 $146 ({Predecessor:} 9. e3 Nc6 10. Qb3 Qb6 11. Qxb6 axb6 12. Nxg6 hxg6 13. Be2 Bd6 14. Kf2 Ke7 15. Bd2 {½-½ (65) Dubov,D (2703)-Bocharov,I (2563) Sochi 2018}) 9... hxg6 10. Be3 Nc6 {[%cal Bb8c6,Bc6a5,Ba5c4][%mdl 32]} 11. Bg2 Be7 12. O-O O-O 13. Bf2 Na5 14. e4 Rc8 15. Qe2 Nc4 16. Rac1 Re8 17. Rfd1 Qa5 18. Be1 {Threatens to win with b3.} Qd8 19. Bf2 Bb4 20. Na4 Qa5 21. b3 Na3 $1 22. Bf1 Nd7 23. Nb2 a6 24. Nd3 Bf8 25. Qe1 (25. exd5 $14 exd5 26. Qb2) 25... Qxe1 $11 26. Rxe1 {And now exd5 would win.} Nc2 27. Re2 Nb4 28. Rd1 Nxd3 29. Rxd3 Nf6 30. Be1 Rc1 31. Rc3 Rxc3 (31... Rxe1 $5 32. Rxe1 Bb4 $11) 32. Bxc3 Rc8 33. Bb2 Bb4 34. Kf2 Bc3 35. e5 Nd7 36. Ke3 Bxb2 37. Rxb2 {[%mdl 4096] Endgame KRB-KRN} g5 38. Bd3 f6 39. f4 gxf4+ 40. gxf4 Kf7 41. Rg2 Rh8 42. Kd2 {[#]} (42. Bg6+ $11 {keeps the balance.} Kf8 43. f5) 42... f5 $1 $17 43. Bf1 (43. b4 $17 {keeps fighting.}) 43... Nb8 $19 44. Rf2 Nc6 45. Ke3 (45. Kc3 {was necessary.}) 45... Rh4 46. Rd2 {[#]} g5 $1 {[%mdl 512]} 47. fxg5 Re4+ 48. Kf2 Rf4+ ({But not} 48... Nxd4 49. Rd3 $19) (48... Rxd4 49. Rxd4 Nxd4 50. Kg3 $11) 49. Kg2 Kg6 ({And not} 49... Rxd4 50. Rxd4 Nxd4 51. Kg3 $11) ({Don't take} 49... Nxd4 50. Rd3 $19) 50. Be2 Kxg5 51. Rd3 Rxd4 {Black is clearly winning.} 52. Rc3 Rd2 53. Kf1 Rxa2 {Weighted Error Value: White=0.24/Black=0.06} 0-1